000 00565cam a22002053a 4500
001 34001
003 PGUSA
005 20140828083732.0
008 100926s2010||||xxu|||||s|||||000 | eng d
040 _aPGUSA
_beng
042 _adc
100 1 _aUntermeyer, Louis,
_d1885-1977
245 1 0 _aChallenge
_h[electronic resource] /
_cLouis Untermeyer
260 _bProject Gutenberg,
_c2010
506 _aPublic domain in the USA.
516 _aElectronic text
830 0 _aProject Gutenberg
_v34001
856 4 0 _uhttp://www.gutenberg.org/ebooks/34001
942 _cEB
999 _c263256
_d263256